000 00333nam a2200121Ia 4500
008 190216s9999||||xx |||||||||||||| ||und||
100 _aAssociation Of Indian University Author
245 0 _aQuestion Bank Mathematics
260 _bAssociation Of Indian Universities
_c1985
300 _a882p
650 _aMathematics
942 _cREF
999 _c35488
_d35488